[Event "Montcalm 7 2022-23"]
[Site "Quebec CAN"]
[Date "2023.05.11"]
[Round "3"]
[White "Servant, Michel"]
[Black "Auger, Bertrand"]
[Result "0-1"]
[WhiteElo "1742"]
[BlackElo "1957"]
[PlyCount "92"]
[EventDate "2023.04.27"]
[EventType "swiss"]
[EventRounds "5"]
[EventCountry "CAN"]

1. c4 c5 2. Nf3 Nf6 3. g3 b6 4. Bg2 Bb7 5. Nc3 e6 6. O-O Be7 7. Re1 O-O 8. e4
d6 9. d4 cxd4 10. Nxd4 Qc8 11. Be3 Rd8 12. Rc1 Nbd7 13. f4 Nc5 14. Bf2 a5 15.
b3 Qd7 16. Ndb5 g6 17. Qe2 Bf8 18. Rcd1 Qc6 19. Bd4 Ne8 20. Rf1 Nd7 21. Bf3 e5
22. Be3 Nc7 23. f5 Nxb5 24. Nxb5 Nc5 25. Bg5 Rd7 26. Rd5 Qc8 27. Rdd1 Bc6 28.
fxg6 hxg6 29. Bg4 Bxb5 30. cxb5 Ne6 31. Be3 Rb7 32. Rc1 Qe8 33. Rc6 Nd4 34.
Bxd4 exd4 35. Qf3 Re7 36. Rxd6 Rxe4 37. Rd7 f5 38. Bxf5 gxf5 39. Qxf5 Bg7 40.
Qd5+ Kh8 41. Rff7 Re5 42. Qf3 Rc8 43. Rxg7 Rc1+ 44. Kg2 Rc2+ 45. Kh3 Qe6+ 46.
g4 Qh6+ 0-1

[Event "Montcalm 7 2022-23"]
[Site "Quebec CAN"]
[Date "2023.05.18"]
[Round "4"]
[White "Boissinot, Claude"]
[Black "Servant, Michel"]
[Result "0-1"]
[WhiteElo "1496"]
[BlackElo "1742"]
[PlyCount "40"]
[EventDate "2023.04.27"]
[EventType "swiss"]
[EventRounds "5"]
[EventCountry "CAN"]

1. d4 d5 2. c4 c6 3. Nc3 Nf6 4. Bf4 Bf5 5. e3 e6 6. Nf3 Nbd7 7. b3 Bb4 8. Rc1
Ne4 9. Bd3 Nxc3 10. Qc2 Nxa2+ 11. Nd2 Nxc1 12. Bxf5 exf5 13. Qxc1 Qa5 14. e4
dxe4 15. O-O O-O 16. c5 Bxd2 17. Bxd2 Qa2 18. Qc3 Qa6 19. Qg3 Qd3 20. Be3 Nf6
0-1

[Event "Montcalm 7 2022-23"]
[Site "Quebec CAN"]
[Date "2023.05.18"]
[Round "4"]
[White "Duguay-Piron, Simon"]
[Black "Roux, Michel"]
[Result "1-0"]
[WhiteElo "1576"]
[BlackElo "1565"]
[PlyCount "99"]
[EventDate "2023.04.27"]
[EventType "swiss"]
[EventRounds "5"]
[EventCountry "CAN"]

1. e4 d5 2. exd5 Qxd5 3. Nc3 Qa5 4. d4 Nf6 5. Nf3 Bf5 6. Bc4 e6 7. Bd2 c6 8.
O-O Qc7 9. Bg5 Nbd7 10. Ne2 h6 11. Bf4 Bd6 12. Bxd6 Qxd6 13. c3 O-O-O 14. b4
Nb6 15. Bd3 Bxd3 16. Qxd3 Kb8 17. a4 e5 18. Qf5 exd4 19. Nfxd4 Rhe8 20. a5 Nbd5
21. a6 b6 22. b5 cxb5 23. Qf3 Qd7 24. Rab1 Ne4 25. Qd3 Ndxc3 26. Nxc3 Qxd4 27.
Qxd4 Rxd4 28. Nxb5 Rdd8 29. Rbc1 Nc5 30. Rxc5 bxc5 31. Rb1 Re7 32. Nd4+ Kc8 33.
Nc6 Rc7 34. Rb8+ Kd7 35. Nxd8 f6 36. Kf1 c4 37. Ke1 c3 38. Kd1 c2+ 39. Kc1 h5
40. Nf7 Ke6 41. Nd8+ Kd7 42. Nf7 Ke6 43. Nh8 g5 44. Rb7 Kd7 45. Rxc7+ Kxc7 46.
Kxc2 Kb6 47. Nf7 Kxa6 48. Nd6 g4 49. Ne4 f5 50. Ng3 1-0

[Event "Montcalm 7 2022-23"]
[Site "Quebec CAN"]
[Date "2023.05.18"]
[Round "4"]
[White "Girard-Tremblay, Eliot"]
[Black "Talbot, Raymond"]
[Result "1/2-1/2"]
[WhiteElo "1504"]
[BlackElo "1645"]
[PlyCount "84"]
[EventDate "2023.04.27"]
[EventType "swiss"]
[EventRounds "5"]
[EventCountry "CAN"]

1. c4 c5 2. Nc3 Nc6 3. g3 e6 4. Nf3 Be7 5. Bg2 Nf6 6. O-O O-O 7. a3 d6 8. e4 e5
9. Nd5 Nxd5 10. exd5 Nb8 11. b4 Nd7 12. bxc5 Nxc5 13. d4 exd4 14. Nxd4 Bf6 15.
Ra2 Bd7 16. Bf4 Ba4 17. Qd2 Re8 18. Rb1 Bxd4 19. Qxd4 b6 20. h4 h6 21. Bf3 Rc8
22. Kg2 Nb7 23. Bd2 Rc7 24. Bc3 f6 25. Bh5 Rf8 26. Re2 Re7 27. Rbe1 Rxe2 28.
Rxe2 Be8 29. Bxe8 Rxe8 30. Rxe8+ Qxe8 31. Qg4 Kf7 32. h5 Qe7 33. Bd4 Nc5 34.
Be3 Qe4+ 35. Qxe4 Nxe4 36. Kf3 Nc5 37. Bxc5 bxc5 38. Ke4 g6 39. g4 Kg7 40. f4
Kf7 41. hxg6+ Kxg6 42. a4 a5 1/2-1/2

[Event "Montcalm 7 2022-23"]
[Site "Quebec CAN"]
[Date "2023.05.18"]
[Round "4"]
[White "Marquis, Paul"]
[Black "Lescarbeau, Martin"]
[Result "1-0"]
[WhiteElo "1959"]
[BlackElo "1838"]
[PlyCount "32"]
[EventDate "2023.04.27"]
[EventType "swiss"]
[EventRounds "5"]
[EventCountry "CAN"]

1. c4 e5 2. Nc3 Nf6 3. g3 c6 4. d4 exd4 5. Qxd4 d6 6. Bg5 Be7 7. O-O-O Nbd7 8.
Bf4 d5 9. cxd5 Bc5 10. Qd3 Bxf2 11. dxc6 bxc6 12. Bd6 Qb6 13. Bg2 Ba6 14. Qf3
Qe3+ 15. Kb1 Rc8 16. Nh3 Qb6 1-0

[Event "Montcalm 7 2022-23"]
[Site "Quebec CAN"]
[Date "2023.05.18"]
[Round "4"]
[White "Oliver, Vance"]
[Black "Dumont, Eric"]
[Result "1-0"]
[WhiteElo "1604"]
[BlackElo "1736"]
[PlyCount "111"]
[EventDate "2023.04.27"]
[EventType "swiss"]
[EventRounds "5"]
[EventCountry "CAN"]

1. e4 c6 2. d4 d5 3. e5 Bf5 4. Nf3 e6 5. Be2 c5 6. c3 Nc6 7. O-O Bg4 8. Be3
Bxf3 9. Bxf3 cxd4 10. cxd4 Nge7 11. Bg4 Ng6 12. Nc3 Be7 13. f4 Qb6 14. Na4 Qb4
15. a3 Qa5 16. Rc1 Nh4 17. b4 Qd8 18. Nc5 Bxc5 19. Rxc5 h5 20. Be2 Nf5 21. Qd2
h4 22. Bg4 g6 23. Bxf5 gxf5 24. Rf3 Kd7 25. Rh3 Rc8 26. Bf2 b6 27. Rc2 Rc7 28.
Qc1 b5 29. Rhc3 Qa8 30. a4 a6 31. axb5 axb5 32. Ra3 Qb7 33. Qe1 Ra8 34. Rxa8
Qxa8 35. Rc5 Ra7 36. Rc1 Ra2 37. Qc3 Ra6 38. Qc5 Qb8 39. Bxh4 Ke8 40. Bf6 Kd7
41. h4 Qb7 42. h5 Qb6 43. h6 Qxc5 44. bxc5 Ne7 45. Bxe7 Kxe7 46. c6 Ra8 47. Rc5
Rh8 48. c7 Rc8 49. h7 Kd7 50. Kf1 b4 51. Ke1 b3 52. Kd1 Ke7 53. Kc1 f6 54. Kb2
fxe5 55. fxe5 Kf7 56. h8=Q 1-0

[Event "Montcalm 7 2022-23"]
[Site "Quebec CAN"]
[Date "2023.05.18"]
[Round "4"]
[White "Sarra-Bournet, Marc"]
[Black "Demushkina, Alina"]
[Result "1-0"]
[WhiteElo "1894"]
[BlackElo "1659"]
[PlyCount "123"]
[EventDate "2023.04.27"]
[EventType "swiss"]
[EventRounds "5"]
[EventCountry "CAN"]

1. e4 e5 2. Nf3 Nc6 3. Bb5 d6 4. O-O Nf6 5. Re1 Bd7 6. c3 Be7 7. d4 exd4 8.
cxd4 O-O 9. Nc3 a6 10. Bd3 Bg4 11. Be3 d5 12. e5 Ne8 13. h3 Be6 14. a3 g6 15.
Ne2 Ng7 16. Bh6 Re8 17. Bxg7 Kxg7 18. Nf4 Qd7 19. Rc1 Rad8 20. Nxe6+ Qxe6 21.
Qc2 Rc8 22. Qc3 Na7 23. b4 c6 24. Qb2 Nb5 25. a4 Nc7 26. Rc2 Qd7 27. Rec1 h6
28. Nh2 Bg5 29. Re1 h5 30. Rce2 Ne6 31. Rd1 Nf4 32. Re3 Nxd3 33. Rexd3 Qe6 34.
Nf3 Bh6 35. Ne1 Rc7 36. Rf3 Bg5 37. Nd3 b6 38. Re1 Qd7 39. a5 bxa5 40. Nc5 Qc8
41. bxa5 Be7 42. Nd3 Rb7 43. Qe2 Bb4 44. Nxb4 Rxb4 45. Qd2 Qb7 46. Rf6 Re6 47.
Qf4 Qe7 48. Rc1 Rc4 49. Rb1 Rxf6 50. exf6+ Qxf6 51. Qxf6+ Kxf6 52. Rb6 Rxd4 53.
Rxc6+ Ke5 54. Kf1 Ra4 55. Rxa6 d4 56. Ra8 d3 57. Ke1 Ra2 58. a6 Kd4 59. a7 Ra1+
60. Kd2 Ra2+ 61. Kc1 d2+ 62. Kd1 1-0

[Event "Montcalm 7 2022-23"]
[Site "Quebec CAN"]
[Date "2023.05.25"]
[Round "5"]
[White "Lescarbeau, Martin"]
[Black "Sarra-Bournet, Marc"]
[Result "0-1"]
[WhiteElo "1838"]
[BlackElo "1894"]
[PlyCount "56"]
[EventDate "2023.04.27"]
[EventType "swiss"]
[EventRounds "5"]
[EventCountry "CAN"]

1. d4 d5 2. e4 dxe4 3. Nc3 Nf6 4. f3 exf3 5. Nxf3 Bg4 6. Bf4 c6 7. Be2 e6 8.
O-O Be7 9. Ne5 Bxe2 10. Nxe2 O-O 11. Ng3 Nd5 12. Bd2 Nd7 13. Qg4 Nxe5 14. dxe5
Qb6+ 15. Kh1 Qxb2 16. Bh6 Qxe5 17. Rae1 Qc3 18. Nh5 g6 19. Bxf8 Rxf8 20. Ng3
Qxc2 21. h4 f5 22. Qh3 Qxa2 23. h5 g5 24. h6 Nf4 25. Rxf4 gxf4 26. Nh5 Bg5 27.
Ng7 Rf6 28. Qh5 Rxh6 0-1

[Event "Montcalm 7 2022-23"]
[Site "Quebec CAN"]
[Date "2023.05.25"]
[Round "5"]
[White "Roux, Michel"]
[Black "Girard-Tremblay, Eliot"]
[Result "0-1"]
[WhiteElo "1565"]
[BlackElo "1504"]
[PlyCount "48"]
[EventDate "2023.04.27"]
[EventType "swiss"]
[EventRounds "5"]
[EventCountry "CAN"]

1. d4 d5 2. Bf4 Nf6 3. e3 Bf5 4. c4 c5 5. Nf3 Nc6 6. Nc3 e6 7. Qa4 a6 8. Ne5
Rc8 9. Nxc6 Rxc6 10. O-O-O cxd4 11. Rxd4 Bc5 12. Rd2 O-O 13. Qd1 Bb4 14. Be5
Qa5 15. Qb3 Rfc8 16. a3 dxc4 17. Qxb4 Qxe5 18. Qxb7 Nd5 19. Rd4 h6 20. Be2 Nxc3
21. bxc3 Qa5 22. Qb4 Qc7 23. Qa4 Rb8 24. Rhd1 Rcb6 0-1

[Event "Montcalm 7 2022-23"]
[Site "Quebec CAN"]
[Date "2023.05.25"]
[Round "5"]
[White "Servant, Michel"]
[Black "Marquis, Paul"]
[Result "1/2-1/2"]
[WhiteElo "1742"]
[BlackElo "1959"]
[PlyCount "108"]
[EventDate "2023.04.27"]
[EventType "swiss"]
[EventRounds "5"]
[EventCountry "CAN"]

1. c4 Nf6 2. g3 g6 3. Bg2 Bg7 4. Nc3 d6 5. e4 O-O 6. Nge2 e5 7. O-O Be6 8. d3
c6 9. h3 Qd7 10. Kh2 Ne8 11. Be3 a5 12. Qd2 f5 13. exf5 Bxf5 14. d4 Qf7 15. d5
c5 16. g4 Bd7 17. Ne4 Ra6 18. Ng5 Qe7 19. Ng3 h6 20. Ne6 Bxe6 21. dxe6 Kh7 22.
Bd5 Nc7 23. Bxb7 Rb6 24. Be4 Nxe6 25. Nh5 Nf4 26. Nxg7 Kxg7 27. b3 Qh4 28. Bxf4
Rxf4 29. f3 Nd7 30. Qxa5 Qd8 31. Qa7 Rf7 32. Bd5 Re7 33. Qa5 Nf6 34. Rad1 Qb8
35. Qd2 Ra7 36. Rf2 Rba6 37. Ra1 Qb4 38. Qxb4 cxb4 39. Be6 e4 40. fxe4 Nxe4 41.
Re2 Nc3 42. Rf2 Rxa2 43. Raxa2 Rxa2 44. Rxa2 Nxa2 45. Bd7 Nc1 46. Ba4 Kf6 47.
Kg3 g5 48. Kf3 Ke5 49. Ke3 Na2 50. Bc6 Nc3 51. Bb7 Na2 52. Bc6 Nc1 53. Ba4 Na2
54. Bc6 Nc1 1/2-1/2

[Event "Montcalm 7 2022-23"]
[Site "Quebec CAN"]
[Date "2023.05.25"]
[Round "5"]
[White "Talbot, Raymond"]
[Black "Fleury, Dominic"]
[Result "1-0"]
[WhiteElo "1645"]
[BlackElo "1483"]
[PlyCount "57"]
[EventDate "2023.04.27"]
[EventType "swiss"]
[EventRounds "5"]
[EventCountry "CAN"]

1. e4 e5 2. Nf3 Nc6 3. Bb5 d6 4. d4 a6 5. Bxc6+ bxc6 6. dxe5 g6 7. Bg5 Be7 8.
Bxe7 Qxe7 9. Qd4 f6 10. exd6 Qxd6 11. Qc3 Ne7 12. O-O O-O 13. Nbd2 c5 14. Rad1
Bb7 15. Rfe1 Nc6 16. Qb3+ Kg7 17. Nc4 Qe7 18. Qxb7 Nb4 19. e5 f5 20. Nfd2 Nxc2
21. Re2 Rfb8 22. Qd5 Rd8 23. Qc6 Rdb8 24. Nb3 Qf7 25. Rxc2 Rd8 26. Rxd8 Rxd8
27. h3 Rd1+ 28. Kh2 Qe7 29. Qf6+ 1-0

[Event "Montcalm CC-ch"]
[Site "Quebec CAN"]
[Date "2023.04.27"]
[Round "1"]
[White "Fecteau, Martin"]
[Black "Mercure, Gilbert"]
[Result "1-0"]
[WhiteElo "1921"]
[BlackElo "1763"]
[PlyCount "87"]
[EventDate "2023.04.27"]
[EventType "tourn"]
[EventRounds "5"]
[EventCountry "CAN"]

1. d4 d5 2. Nf3 Nc6 3. Bg5 Bg4 4. Nbd2 f6 5. Bh4 e6 6. e3 h5 7. h3 Bf5 8. c3
Bd6 9. Qb3 g5 10. Bg3 Bxg3 11. fxg3 Qd6 12. Kf2 h4 13. gxh4 gxh4 14. Bb5 Nge7
15. Rag1 Qg3+ 16. Ke2 Be4 17. Nf1 Qg6 18. c4 a6 19. Bxc6+ bxc6 20. Qc3 Kd7 21.
b3 dxc4 22. Qxc4 Nd5 23. N1h2 Rab8 24. Ng4 Rh5 25. Rc1 Nb4 26. Rhd1 Nxa2 27.
Ra1 Rb4 28. Qxa6 Nc3+ 29. Kf2 Nxd1+ 30. Rxd1 Bxf3 31. gxf3 Rhb5 32. Rc1 Rb6 33.
Qa8 Qg7 34. f4 Rxb3 35. Rg1 Rb2+ 36. Kf3 Qf7 37. Qh8 e5 38. Nxe5+ fxe5 39. Rg7
Qxg7 40. Qxg7+ Kc8 41. dxe5 c5 42. Qf8+ Kd7 43. f5 R2b4 44. e6+ 1-0

[Event "Montcalm CC-ch"]
[Site "Quebec CAN"]
[Date "2023.04.27"]
[Round "1"]
[White "Plante, Rejean"]
[Black "Laflamme, Simon"]
[Result "1/2-1/2"]
[WhiteElo "1967"]
[BlackElo "1877"]
[PlyCount "39"]
[EventDate "2023.04.27"]
[EventType "tourn"]
[EventRounds "5"]
[EventCountry "CAN"]

1. c4 c5 2. Nc3 Nf6 3. Nf3 Nc6 4. g3 d5 5. cxd5 Nxd5 6. Bg2 Nc7 7. O-O e5 8. d3
Be7 9. b3 O-O 10. Bb2 Be6 11. Rc1 f6 12. Nd2 Nd5 13. Nde4 b6 14. Nxd5 Bxd5 15.
Bh3 Qe8 16. Nc3 Qh5 17. Nxd5 Qxh3 18. Qc2 Qd7 19. Qc4 Kh8 20. Nxe7 1/2-1/2

[Event "Montcalm CC-ch"]
[Site "Quebec CAN"]
[Date "2023.04.27"]
[Round "1"]
[White "Sauve, Richard"]
[Black "Lapierre, Gaetan"]
[Result "1-0"]
[WhiteElo "1968"]
[BlackElo "1727"]
[PlyCount "61"]
[EventDate "2023.04.27"]
[EventType "tourn"]
[EventRounds "5"]
[EventCountry "CAN"]

1. d4 Nf6 2. c4 g6 3. Nc3 Bg7 4. e4 d6 5. f3 O-O 6. Be3 c6 7. Qd2 Nbd7 8. Bd3
e5 9. Nge2 Re8 10. O-O a6 11. d5 c5 12. Rab1 Rf8 13. b4 Ne8 14. Na4 cxb4 15.
Qxb4 f5 16. c5 f4 17. Bf2 g5 18. cxd6 Rf6 19. Bb6 Nxb6 20. Nxb6 Rb8 21. Nxc8
Rxc8 22. Qxb7 Nxd6 23. Qb3 Bf8 24. Rfc1 Rh6 25. Rxc8 Nxc8 26. Rc1 Rb6 27. Qc3
Rb8 28. Qxe5 Bd6 29. Qe6+ Kg7 30. e5 Ba3 31. Rc6 1-0

[Event "Montcalm CC-ch"]
[Site "Quebec CAN"]
[Date "2023.05.04"]
[Round "2"]
[White "Lapierre, Gaetan"]
[Black "Laflamme, Simon"]
[Result "1/2-1/2"]
[WhiteElo "1727"]
[BlackElo "1877"]
[PlyCount "96"]
[EventDate "2023.04.27"]
[EventType "tourn"]
[EventRounds "5"]
[EventCountry "CAN"]

1. e4 e5 2. Nf3 Nf6 3. Bc4 Nxe4 4. Qe2 d5 5. Nxe5 Be7 6. Nxf7 Kxf7 7. Qh5+ Kf8
8. Bxd5 Ng5 9. Bb3 Qe8 10. Qxe8+ Kxe8 11. d4 Bf5 12. O-O Rf8 13. Re1 Nf7 14.
Nc3 Kd8 15. Nb5 Bd6 16. Bxf7 Rxf7 17. Bg5+ Kd7 18. Re2 h6 19. Nxd6 cxd6 20. Bh4
g5 21. Bg3 Re7 22. Rxe7+ Kxe7 23. Re1+ Kd7 24. d5 Na6 25. c3 Nc5 26. f3 Nd3 27.
Re2 Nf4 28. Bxf4 gxf4 29. Rd2 Bb1 30. a3 Ba2 31. Rd4 Rf8 32. Kf2 Rf5 33. c4 a6
34. g4 fxg3+ 35. hxg3 b5 36. g4 Re5 37. f4 Re7 38. cxb5 axb5 39. Rd2 Bc4 40.
Kg3 Rf7 41. Kf3 Re7 42. Kg3 Kc7 43. Kf3 Kb6 44. Rh2 Bxd5+ 45. Kg3 Re3+ 46. Kh4
Rf3 47. f5 Bf7 48. Re2 Kc6 1/2-1/2

[Event "Montcalm CC-ch"]
[Site "Quebec CAN"]
[Date "2023.05.04"]
[Round "2"]
[White "Mercure, Gilbert"]
[Black "Plante, Rejean"]
[Result "1-0"]
[WhiteElo "1763"]
[BlackElo "1967"]
[PlyCount "39"]
[EventDate "2023.04.27"]
[EventType "tourn"]
[EventRounds "5"]
[EventCountry "CAN"]

1. e4 c6 2. d4 d5 3. e5 Bf5 4. g4 Bg6 5. h4 h5 6. e6 hxg4 7. exf7+ Bxf7 8. Bg5
Nf6 9. Bxf6 exf6 10. Qxg4 Nd7 11. h5 Qe7+ 12. Ne2 O-O-O 13. Nbc3 g6 14. O-O-O
gxh5 15. Qf3 Nb6 16. Ng3 Bg6 17. Nf5 Qh7 18. Bh3 Kb8 19. Rhg1 Nc4 20. Qg3+ 1-0

[Event "Montcalm CC-ch"]
[Site "Quebec CAN"]
[Date "2023.05.04"]
[Round "2"]
[White "Sauve, Richard"]
[Black "Fecteau, Martin"]
[Result "1/2-1/2"]
[WhiteElo "1968"]
[BlackElo "1921"]
[PlyCount "91"]
[EventDate "2023.04.27"]
[EventType "tourn"]
[EventRounds "5"]
[EventCountry "CAN"]

1. d4 Nf6 2. c4 e6 3. Nc3 Bb4 4. Qc2 O-O 5. Bd2 d5 6. e3 c6 7. Nf3 Nbd7 8. Bd3
h6 9. O-O Bd6 10. cxd5 exd5 11. Rab1 Re8 12. b4 a6 13. a4 Nf8 14. b5 axb5 15.
axb5 Bg4 16. bxc6 bxc6 17. Rb7 Bc8 18. Rb2 Ba6 19. Rfb1 Bxd3 20. Qxd3 Ne4 21.
Rb7 Qf6 22. Be1 Re7 23. Rxe7 Qxe7 24. Qc2 Nxc3 25. Qxc3 Qc7 26. Rc1 Ra6 27. g3
Nd7 28. Qd3 Qb7 29. Qf5 g6 30. Qc2 Ba3 31. Ra1 Bd6 32. Rxa6 Qxa6 33. Kg2 Qb5
34. Qc3 Nb6 35. Qa5 Qxa5 36. Bxa5 Nc4 37. Bc3 Kf8 38. Nd2 Nxd2 39. Bxd2 Kg7 40.
Kf3 h5 41. h4 Kf6 42. Ba5 Kf5 43. Bd8 Bb4 44. Bc7 Bc3 45. Bb6 Bb4 46. Ba7
1/2-1/2

[Event "Montcalm CC-ch"]
[Site "Quebec CAN"]
[Date "2023.05.11"]
[Round "3"]
[White "Fecteau, Martin"]
[Black "Lapierre, Gaetan"]
[Result "1/2-1/2"]
[WhiteElo "1921"]
[BlackElo "1727"]
[PlyCount "121"]
[EventDate "2023.04.27"]
[EventType "tourn"]
[EventRounds "5"]
[EventCountry "CAN"]

1. c4 e5 2. d3 Nf6 3. g3 Bc5 4. e3 O-O 5. Bg2 d5 6. cxd5 Nxd5 7. a3 a5 8. Nc3
Nf6 9. Nge2 Re8 10. O-O c6 11. Qc2 Bf5 12. Ne4 Ba7 13. N2c3 Nbd7 14. Nd6 Bg6
15. Nxe8 Qxe8 16. Ne4 Nxe4 17. dxe4 a4 18. Qxa4 Bxe3 19. Qc2 Bd4 20. Re1 f6 21.
Be3 Bxe3 22. Rxe3 Bf7 23. Bf1 Nf8 24. Bc4 Ne6 25. Bxe6 Bxe6 26. Rd1 h6 27. Red3
Kh7 28. Rd6 Bg4 29. R1d2 Qh5 30. Qd3 Bf3 31. Qe3 Ra4 32. b4 f5 33. h4 Bxe4 34.
Kh2 Qg4 35. Rd7 b5 36. Re7 Bd5 37. Rxe5 Ra8 38. Rd3 Bc4 39. f3 Qg6 40. Rd7 f4
41. Qxf4 Rxa3 42. Qf5 Ra2+ 43. Kg1 Qxf5 44. Rxf5 Be6 45. Rff7 Bxd7 46. Rxd7 Ra4
47. Rd6 Rxb4 48. Rxc6 Rb2 49. h5 b4 50. Kf1 Kg8 51. Rc7 b3 52. Rb7 Rh2 53. Rxb3
Rxh5 54. Kg2 Rd5 55. Rb7 Rd2+ 56. Kh3 Rd3 57. f4 Kh7 58. Kh4 Rd6 59. g4 Rf6 60.
f5 Rd6 61. Ra7 1/2-1/2

[Event "Montcalm CC-ch"]
[Site "Quebec CAN"]
[Date "2023.05.11"]
[Round "3"]
[White "Laflamme, Simon"]
[Black "Mercure, Gilbert"]
[Result "1/2-1/2"]
[WhiteElo "1877"]
[BlackElo "1763"]
[PlyCount "127"]
[EventDate "2023.04.27"]
[EventType "tourn"]
[EventRounds "5"]
[EventCountry "CAN"]

1. d4 d5 2. c4 e5 3. dxe5 d4 4. Nf3 Nc6 5. a3 Nge7 6. b4 Ng6 7. Bb2 a5 8. b5
Ncxe5 9. Nxe5 Nxe5 10. e3 Be6 11. Bxd4 Nxc4 12. Qc2 Nd6 13. Bd3 a4 14. O-O Qg5
15. Nc3 Bb3 16. Qe2 Be7 17. f4 Qh6 18. e4 O-O-O 19. Be3 Qe6 20. Rac1 Nc4 21. f5
Rxd3 22. Qxd3 Qe5 23. Nd5 Rd8 24. Rxc4 Rxd5 25. Qxd5 Qxd5 26. Rxc7+ Kxc7 27.
exd5 Bxd5 28. Rc1+ Kd7 29. Bf4 Be4 30. Rc4 Bxf5 31. Rd4+ Ke6 32. Rxa4 Bc5+ 33.
Kf1 b6 34. Ke2 Kd5 35. Be3 Bd7 36. Bxc5 Bxb5+ 37. Ke3 Bxa4 38. Bxb6 Bc6 39. Bd8
h6 40. Be7 g5 41. g3 Ke5 42. Bf8 h5 43. Bh6 Kf6 44. Bf8 Kg6 45. Be7 f6 46. Kd4
Kf7 47. Bb4 Ke6 48. Bd2 Kf5 49. Kc5 Bg2 50. Kd6 Kg4 51. Ke6 f5 52. Kf6 f4 53.
Kg6 Be4+ 54. Kh6 f3 55. Be3 h4 56. gxh4 gxh4 57. Bf2 Bc6 58. Kg6 Kf4 59. Kh5 h3
60. Kh4 Bd7 61. Kh5 Ke4 62. Kh4 Kd3 63. Kg3 Ke2 64. Bc5 1/2-1/2

[Event "Montcalm CC-ch"]
[Site "Quebec CAN"]
[Date "2023.05.11"]
[Round "3"]
[White "Plante, Rejean"]
[Black "Sauve, Richard"]
[Result "1/2-1/2"]
[WhiteElo "1967"]
[BlackElo "1968"]
[PlyCount "142"]
[EventDate "2023.04.27"]
[EventType "tourn"]
[EventRounds "5"]
[EventCountry "CAN"]

1. d4 Nf6 2. Nf3 e6 3. g3 d5 4. Bg2 Be7 5. c4 O-O 6. Qc2 c6 7. O-O Nbd7 8. cxd5
exd5 9. Nc3 Re8 10. Bf4 Nf8 11. Rad1 Ng6 12. Bg5 h6 13. Bxf6 Bxf6 14. b4 Bg4
15. e3 Qd7 16. Rc1 Bh3 17. Na4 Bxg2 18. Kxg2 Qe7 19. Rb1 h5 20. b5 cxb5 21.
Rxb5 Qe4 22. Qxe4 dxe4 23. Nd2 b6 24. Nc3 Rac8 25. Ncxe4 Rc2 26. a4 h4 27. a5
hxg3 28. hxg3 bxa5 29. Nxf6+ gxf6 30. Rd1 a4 31. Ra5 Ne7 32. Ne4 Nc6 33. Rc5
Rxc5 34. Nxf6+ Kf8 35. Nd7+ Ke7 36. Nxc5 Kd6 37. Nxa4 Rb8 38. Nc5 a5 39. Kf3
Rb2 40. Rc1 Kd5 41. Nd3 Rb3 42. Ke2 a4 43. Kd2 a3 44. Rc5+ Kd6 45. Rc2 a2 46.
Rxa2 Rxd3+ 47. Ke2 Rb3 48. Ra8 Rb2+ 49. Kf3 f6 50. g4 Rc2 51. Kg3 Ke6 52. f4
Rc3 53. Kf2 Rc2+ 54. Kf3 Ne7 55. Ke4 Rg2 56. Ra6+ Kf7 57. Kf3 Rd2 58. Ra7 Ke6
59. Ra6+ Kf7 60. f5 Rd1 61. Rd6 Rf1+ 62. Kg2 Re1 63. Kf2 Ra1 64. e4 Ra2+ 65.
Kf3 Ra3+ 66. Kf4 Ra1 67. e5 Rf1+ 68. Ke4 Re1+ 69. Kf4 Rf1+ 70. Kg3 fxe5 71.
dxe5 Nxf5+ 1/2-1/2

[Event "Montcalm CC-ch"]
[Site "Quebec CAN"]
[Date "2023.05.18"]
[Round "4"]
[White "Fecteau, Martin"]
[Black "Plante, Rejean"]
[Result "0-1"]
[WhiteElo "1921"]
[BlackElo "1967"]
[PlyCount "114"]
[EventDate "2023.04.27"]
[EventType "tourn"]
[EventRounds "5"]
[EventCountry "CAN"]

1. d4 Nf6 2. c4 e6 3. Nf3 b6 4. g3 Bb7 5. Bg2 c5 6. e3 cxd4 7. exd4 Qc7 8. Nbd2
d5 9. cxd5 Bxd5 10. O-O Nbd7 11. Nb3 Bd6 12. Be3 O-O 13. Rc1 Qb7 14. Nbd2 Rac8
15. Qe2 b5 16. b3 Ba3 17. Rxc8 Rxc8 18. Nb1 Bd6 19. Nh4 Ne4 20. Rc1 b4 21. Bf1
Rxc1 22. Bxc1 Ndf6 23. Ng2 Nc3 24. Nxc3 bxc3 25. Ne3 Bf3 26. Qc2 Qc7 27. Nc4
Nd5 28. a3 Be7 29. Qd3 Bh5 30. Ne5 f6 31. Nc4 Bg6 32. Qe2 Bf7 33. Bh3 Qc6 34.
Bg2 Bf8 35. Be4 Qd7 36. Qd3 g6 37. Qf3 Bg7 38. Ne3 Ne7 39. Nc2 f5 40. Bd3 Bxd4
41. Bh6 Bg7 42. Bxg7 Kxg7 43. Qe3 Qd5 44. Nd4 e5 45. Ne2 e4 46. Bc4 Qd1+ 47.
Kg2 c2 48. Bxf7 Kxf7 49. b4 Qxe2 50. Qxe2 c1=Q 51. Qa2+ Kf6 52. a4 e3 53. fxe3
Qxe3 54. Qb2+ Qe5 55. Qd2 Nd5 56. Qh6 Qe2+ 57. Kg1 Qe3+ 0-1

[Event "Montcalm CC-ch"]
[Site "Quebec CAN"]
[Date "2023.05.18"]
[Round "4"]
[White "Lapierre, Gaetan"]
[Black "Mercure, Gilbert"]
[Result "1/2-1/2"]
[WhiteElo "1727"]
[BlackElo "1763"]
[PlyCount "108"]
[EventDate "2023.04.27"]
[EventType "tourn"]
[EventRounds "5"]
[EventCountry "CAN"]

1. d4 d5 2. Nf3 Nc6 3. Bf4 Bf5 4. a3 f6 5. e3 a6 6. c4 e6 7. Nc3 Bd6 8. Bxd6
Qxd6 9. cxd5 exd5 10. Qb3 Nge7 11. Be2 b5 12. Qa2 Na5 13. Nd2 c5 14. dxc5 Qxc5
15. Nb3 Nxb3 16. Qxb3 Be6 17. Rc1 Qd6 18. Qd1 Rd8 19. O-O O-O 20. Re1 f5 21.
Bf3 Rf6 22. Ne2 g5 23. g3 Ng6 24. Nd4 Bd7 25. Bg2 g4 26. Qb3 Be8 27. e4 f4 28.
Qxd5+ Qxd5 29. exd5 f3 30. Bf1 Bf7 31. Ne6 Re8 32. Rc6 Ne7 33. Nc7 Nxc6 34.
Nxe8 Bxe8 35. Rxe8+ Kf7 36. Re4 Ne7 37. Rxg4 Nxd5 38. Rh4 h6 39. Rd4 Ke6 40. a4
Ke5 41. Rh4 b4 42. h3 Nb6 43. a5 Nd5 44. Bc4 Ne7 45. Rf4 Rxf4 46. gxf4+ Kxf4
47. Bxa6 Nc6 48. Bb7 Nxa5 49. Bd5 b3 50. Kh2 h5 51. Kg1 Kg5 52. Bxf3 Nc4 53.
Bd5 Nxb2 54. Bxb3 Nd3 1/2-1/2

[Event "Montcalm CC-ch"]
[Site "Quebec CAN"]
[Date "2023.05.18"]
[Round "4"]
[White "Sauve, Richard"]
[Black "Laflamme, Simon"]
[Result "1/2-1/2"]
[WhiteElo "1968"]
[BlackElo "1877"]
[PlyCount "115"]
[EventDate "2023.04.27"]
[EventType "tourn"]
[EventRounds "5"]
[EventCountry "CAN"]

1. d4 Nf6 2. c4 g6 3. Nc3 d5 4. e3 Bg7 5. Nf3 O-O 6. cxd5 Nxd5 7. Bc4 Nb6 8.
Bb3 c5 9. O-O cxd4 10. exd4 Bg4 11. h3 Bxf3 12. Qxf3 Nc6 13. Be3 Nxd4 14. Qxb7
Nf5 15. Rfd1 Nd6 16. Qf3 Rc8 17. Bd4 Bxd4 18. Rxd4 Qc7 19. Rad1 Qc6 20. Qe2 Nf5
21. Rf4 Rfd8 22. Rxd8+ Rxd8 23. Rxf5 gxf5 24. Qxe7 Rd7 25. Bxf7+ Kg7 26. Qe8
Qc8 27. Qxc8 Nxc8 28. Be6 Rc7 29. Bxf5 Nd6 30. Bd3 Nc4 31. Bxc4 Rxc4 32. Kf1
Rb4 33. b3 Rd4 34. Ke2 Kf6 35. Ke3 Ke5 36. g3 Rd6 37. f4+ Ke6 38. g4 Rc6 39.
Nb5 Rc5 40. a4 a6 41. Nd4+ Kd5 42. Ne2 Rc2 43. b4 Rc4 44. b5 axb5 45. axb5 Kc5
46. f5 Kxb5 47. f6 Rc7 48. Nd4+ Kc4 49. Ne6 Rf7 50. g5 Kd5 51. Nf4+ Ke5 52. h4
Kf5 53. Kf3 Ra7 54. Nd5 Ra3+ 55. Ne3+ Kg6 56. Kf4 Ra4+ 57. Kg3 Ra3 58. Kf4
1/2-1/2

[Event "Montcalm CC-ch"]
[Site "Quebec CAN"]
[Date "2023.05.25"]
[Round "5"]
[White "Laflamme, Simon"]
[Black "Fecteau, Martin"]
[Result "1/2-1/2"]
[WhiteElo "1877"]
[BlackElo "1921"]
[PlyCount "37"]
[EventDate "2023.04.27"]
[EventType "tourn"]
[EventRounds "5"]
[EventCountry "CAN"]

1. d4 Nf6 2. c4 e6 3. Nc3 Bb4 4. f3 c5 5. d5 O-O 6. Bg5 d6 7. e4 exd5 8. cxd5
Nbd7 9. Bd3 Ne5 10. Nge2 h6 11. Bh4 Ng6 12. Bf2 Nh5 13. g4 Nhf4 14. h4 Nxd3+
15. Qxd3 Ne5 16. Qe3 Nc4 17. Qc1 Ne5 18. Qe3 Nc4 19. Qc1 1/2-1/2